000 00635nam a2200241Ia 4500
003 OSt
005 20220918222247.0
006 a|||||r|||| 00| 0
007 ta
008 220917b |||||||| |||| 00| 0 eng d
024 _a216,282
037 _cTextual
040 _aARTS
_cARTS
_beng
041 _2eng
_aeng
082 _a(:f), P1
100 _aBrew Angela
_9142673
245 0 _aNature of research
_b inquiry in academic contexts
260 _aNew York
_bRoutledge falmer
_c2001
300 _a205p
_ccm.
650 _aRESEARCH METHODS
942 _h(:f), P1
_cTEXL
_2CC
999 _c275026
_d275026